000 03530cam a2200445 i 4500
999 _c16643
_d16643
001 21099178
003 OSt
005 20220303144430.0
006 m |o d |
007 cr |||||||||||
008 190716s2020 enk ob 001 0 eng c
010 _a 2019028268
020 _a9781351127226
_q(ebook)
020 _z9780815356790
_q(hardback)
020 _z9780815356813
_q(paperback)
040 _aDLC
_beng
_erda
_cDLC
_dDLC
042 _apcc
050 0 0 _aJZ5538
082 0 0 _a2020
_2DC 327.172
_bR414
100 1 _aRichmond, Oliver P.,
_eauthor.
_944385
245 1 0 _aPeace in international relations/
_cOliver P. Richmond.
250 _aSecond edition.
264 1 _aNew York, NY:
_bRoutledge,
_c©2020.
300 _aviii, 318 pages:
_c23 cm.
336 _atext
_btxt
_2rdacontent
337 _acomputer
_bc
_2rdamedia
338 _aonline resource
_bcr
_2rdacarrier
490 0 _aRoutledge studies in peace and conflict resolution
500 _aIncludes bibliographical references and index.
505 0 _aPeace and the idealist tradition : towards a liberal peace -- A realist agenda for peace : survival and a victor's peace -- Marxist agendas for peace : towards peace as social justice and emancipation -- Beyond a idealist, realist, or Marxist version of peace -- The contribution of peace and conflict studies -- Critical contributions to peace -- Post-structuralist contributions to peace -- Post-colonial contributions to peace -- Peace in analogue/digital international relations.
520 _a"This updated and revised second edition examines the conceptualisation and evolution of peace in International Relations (IR) theory. The book examines the concept of peace and its usage in the main theoretical debates in IR, including realism, liberalism, constructivism, critical theory and post-structuralism, as well as in the more direct debates on peace and conflict studies. It explores themes relating to culture, development, agency and structure, not just in terms of representations of international relations, and of peace, but in terms of the discipline of IR itself. The work also specifically explores the recent mantras associated with liberal and neoliberal versions of peace, which appear to have become foundational for much of the mainstream literature in IR and for doctrines for peace and development in the policy world. Analysing war has often led to the dominance -- and mitigation -- of violence as a basic assumption in, and response to, the problems of international relations. This study aims to redress this negative balance by arguing that IR offers a rich basis for the study of peace, which has advanced significantly over the last century or so. It also proposes innovative theoretical dimensions of the study of peace in IR, with new chapters discussing post-colonial and digital developments in the discipline. This book will be of great interest to students of peace and conflict studies, politics and International Relations"--
_cProvided by publisher.
588 _aDescription based on print version record and CIP data provided by publisher.
650 0 _aPeace.
_944386
650 0 _aPeace-building.
_944387
650 0 _aInternational relations.
_944388
776 0 8 _iPrint version:
_aRichmond, Oliver P..
_tPeace in international relations
_b2nd edition.
_dAbingdon, Oxon ; New York, NY : Routledge, 2020.
_z9780815356790
_w(DLC) 2019028267
906 _a7
_bcbc
_corignew
_d1
_eecip
_f20
_gy-gencatlg
942 _2ddc
_cDC